000 00469nam a2200181Ia 4500
001 24522
005 20260414151049.0
008 260414t2008||||xx |||||||||||||| ||spa||
041 _aESP
082 _a345.72
_bB91
100 _aVon Büllow, Oscar
_eAUT
245 0 _aLa teoría de las excepciones procesales y los presupuestos procesales
_b
260 _c2008
300 _a293 páginas :
_c24 cm.
650 _aDER
654 _aCDE
942 _cLIB
_dJUS
_fJUS
_2ddc
_n
999 _c24522
_d24522